Paroles Copine - PLK - Statistiques

Statistiques générales
  • Ce quiz a été pris 894 fois
  • Le résultat moyen est 408 sur 497
Statistiques - réponses
Réponse % Correct
à
99%
a
99%
copine
99%
l
99%
elle
98%
est
98%
ma
98%
la
97%
fraîche
95%
mais
95%
95%
pas
95%
de
94%
fait
94%
le
94%
qu
93%
des
92%
Ouais
92%
ouais
92%
et
89%
genre
89%
sait
89%
ta
89%
ce
88%
les
88%
me
88%
qui
87%
se
87%
c'est
86%
aime
85%
bien
84%
par
84%
que
84%
son
83%
belle
82%
copines
82%
manières
82%
quand
82%
tard
82%
avec
81%
gars
81%
pour
81%
dit
80%
tous
80%
tout
79%
trois
79%
bonne
78%
elles
78%
il
78%
attaque
77%
rentrer
77%
assez
76%
tu
76%
te
75%
amour
74%
boire
74%
préfere
74%
cocktail
73%
ex
73%
normal
73%
parano
73%
prennent
73%
prix
73%
déjà
72%
était
72%
menti
72%
prendre
72%
seule
72%
verres
72%
choisit
71%
décisions
71%
en
71%
euros
71%
ses
71%
sortir
71%
nous
70%
primordial
70%
barrières
69%
faire
69%
gros
69%
sont
69%
bourrée
68%
dans
68%
écoutent
68%
fois
68%
pareils
68%
quinze
68%
tête
68%
répète
67%
Uber
67%
met
66%
père
66%
t'appelles
66%
bah
65%
bienvenue
65%
cassent
65%
croyais
65%
disent
65%
draguent
65%
fête
65%
m'appelle
65%
after
64%
aux
64%
before
64%
répond
64%
rien
64%
chantent
63%
paie
63%
peine
63%
cool
62%
gagne
62%
si
62%
vaisseau
62%
permanence
61%
rince
61%
blessée
60%
avances
59%
caleçon
59%
kiffer
58%
oublies
58%
sous
58%
fini
57%
soirée
57%
m'enlever
56%
penses
56%
garçons
55%
rappelle
55%
veut
55%
apparement
54%
huit
54%
moi
54%
plus
53%
aussi
52%
j'ai
52%
parler
52%
part
51%
entendre
50%
sombre
50%
je
47%
même
46%
sac
46%
trompait
43%
glaçons
42%
l'écoute
35%
rajoute
35%
clope
33%
fume
32%
lauds-sa
29%
Aucun quiz correspondant
Distribution des résultats
% des personnes avec chaque résultat
Percentile par nombre de réponses
Votre historique - résultats
Vous n’avez pas pris ce quiz